| 000 | 02566nam a2200337 a 4500 | ||
|---|---|---|---|
| 003 | OSt | ||
| 005 | 20250925090936.0 | ||
| 007 | cr ||||||a|a|a | ||
| 008 | 250826s2025 mx a|||fom||| 001 0 spa d | ||
| 040 | _erda | ||
| 100 | 1 |
_aYama Aguilar, Jhoselyn Sugeydi _9190982 |
|
| 245 | 1 | 0 |
_aEstructura Forestal y reservorios de carbono arbóreo en Manglares de Marismas Nacionales/ _cpor Jhoselyn Sugeydi Yama Aguilar; director de tesis Eduardo Valdés Velarde; secretario Eliseo Hernández Hernández; vocal Manuel Jesús Negrete Quijano; suplente José Antonio Ávila Dorantes; suplente Joel Loera Pérez. |
| 264 | 1 |
_aChapingo, México : _bEl autor, _c2025. |
|
| 300 |
_a1 recurso en línea (105 páginas): _bcuadros, figuras. |
||
| 336 |
_2rdacontent _atexto _btxt |
||
| 337 |
_2rdamedia _acomputadora _bc |
||
| 338 |
_2rdacarrier _arecurso en línea _bcr |
||
| 502 |
_bIDA _cDCRU _d2025. _gLIC |
||
| 504 | _aIncluye referencias bibliográficas:83-98 páginas . | ||
| 520 | _aLos manglares son fuentes de servicios ecosistémicos como la captura y almacenamiento de carbono, importantes para contrarrestar los efectos del cambio climático. El objetivo fue caracterizar la estructura forestal mediante la estimación de la biomasa aérea para la obtención de los reservorios de carbono aéreo en manglares de Marismas Nacionales. Se evaluaron atributos dasométricos en ocho unidades de muestreo para la determinación de biomasa, captura de carbono aéreo e índices ecológicos en cinco municipios en Nayarit que engloban el complejo de Marismas Nacionales. Los resultados reflejaron que, la estructura forestal de los mangles se encuentra en un estado juvenil con un valor promedio de 63.01 𝑀𝑔 ℎ𝑎−1 de biomasa dado por su dinámica de comunidad vegetal representada por L. racemosa como la especie más representativa. Originado un almacenamiento de carbono arbóreo alto, con valores promedios de 53.77 𝑀𝑔 ℎ𝑎−1. | ||
| 650 | 4 |
_aManglares _xDasometría _9191241 |
|
| 650 | 4 |
_aManglares _xSecuestro de carbono _9191240 |
|
| 650 | 4 |
_aDioxido de carbono _xMedición _9190762 |
|
| 700 | 1 |
_aValdés Velarde, Eduardo _9117370 _edirector. |
|
| 700 | 1 |
_aHernández Hernández, Eliseo _9135460 _esecretario. |
|
| 700 | 1 |
_aNegrete Quijano, Manuel Jesús _9191129 _evocal. |
|
| 700 | 1 |
_aÁvila Dorantes, José Antonio _982460 _esuplente. |
|
| 700 | 1 |
_aLoera Pérez, Joel _9191128 _esuplente. |
|
| 856 |
_uhttp://10.13.5.2/tesis/tl/1912613-6_YAMA_AGUILAR_JHOSELYNSUGEYDI.pdf _zDESCARGAR PDF |
||
| 942 |
_2Clasificación Universidad Autónoma Chapingo _cTD |
||
| 999 |
_c220864 _d220864 |
||